<?xml version="1.0" encoding="UTF-8"?>
<marc:record xmlns:marc="http://www.loc.gov/MARC21/slim">
   <marc:leader>00000nam a2200000 a 4500</marc:leader>
   <marc:datafield ind1="1" ind2=" " tag="100">
      <marc:subfield code="a">Clichy, Louis</marc:subfield>
      <marc:subfield code="4">drt</marc:subfield>
      <marc:subfield code="e">Regisseur/-in</marc:subfield>
   </marc:datafield>
   <marc:datafield ind1="1" ind2=" " tag="100">
      <marc:subfield code="a">Astier, Alexandre</marc:subfield>
      <marc:subfield code="4">drt</marc:subfield>
      <marc:subfield code="e">Regisseur/-in</marc:subfield>
   </marc:datafield>
   <marc:datafield ind1=" " ind2=" " tag="653">
      <marc:subfield code="a">Zeichentrick</marc:subfield>
   </marc:datafield>
   <marc:datafield ind1="0" ind2="0" tag="245">
      <marc:subfield code="a">Asterix und das Geheimnis des Zaubertranks [DVD]</marc:subfield>
   </marc:datafield>
   <marc:datafield ind1=" " ind2="1" tag="264">
      <marc:subfield code="a">München</marc:subfield>
      <marc:subfield code="b">Universum Film GmbH</marc:subfield>
      <marc:subfield code="c">2019</marc:subfield>
   </marc:datafield>
   <marc:datafield ind1="1" ind2=" " tag="520">
      <marc:subfield code="a">Wir befinden uns im Jahre 50 v.Chr. Ganz Gallien ist von den Römern besetzt... Ganz Gallien? Nein! Das unbeugsame Volk leistet natürlich zu jeder Zeit Widerstand! Der Druide Miraculix sorgt sich um die Zukunft des Dorfes und macht sich gemeinsam mit Asterix und Obelix auf, einen Nachfolger zu finden, dem er das Geheimnis des legendären Zaubertranks anvertrauen kann. Doch auch der hinterhältige Dämonix versucht, in den Besitz der magischen Formel zu kommen und schreckt dafür nicht einmal vor einem Pakt mit den Römern zurück. Während Asterix und Obelix auf ihrer Suche nach einem würdigen Druiden-Lehrling ganz Gallien durchqueren, müssen die Frauen das Dorf allein gegen die römischen Soldaten verteidigen. Und die Zaubertrank-Vorräte reichen nicht ewig…</marc:subfield>
   </marc:datafield>
   <marc:datafield ind1=" " ind2=" " tag="338">
      <marc:subfield code="a">Videodisk</marc:subfield>
   </marc:datafield>
   <marc:datafield ind1=" " ind2=" " tag="300">
      <marc:subfield code="a">1 DVD</marc:subfield>
   </marc:datafield>
</marc:record>
